000 00748nam a2200241 i 4500
001 000033249
003 DO-SdBNP
005 20231228123023.0
007 ta
008 110823s1939 dr 000 0 spa d
040 _aDO-SdBNP
_bspa
_cBNPHU
_erda
082 4 _bC762f
_222
100 1 _aContín Aybar, Pedro René,
_923772
_eautor
245 1 0 _aFederico García Lorca, poeta popular :
_bConferencia /
_cPedro René Contín Aybar.
264 1 _aCiudad Trujillo, República Dominicana :
_bLa opinión,
_c1939.
300 _a59 páginas ;
_c18 cm.
336 _2rdacontent
_atexto
_btxt
337 _2rdamedia
_asin mediación
_bn
338 _2rdacarrier
_avolumen
_bnc
590 _aInventariado, 2023/BT
910 _aBtavárez
942 _2ddc
_cLF2
999 _c32740
_d32740